000 00651nam a2200205 i 4500
001 71772
003 ES-MaACL
005 20250716062525.0
007 t|
008 040818s1971 sp ||||1| spa d
100 1 _aGheorghiu, Mihnea.
_956561
245 1 0 _aEscenas de la vida de Shakespeare /
_cMihnea Gheorghiu ; [traducido por Clara Janés y Ana Giugariu].
260 _aMadrid :
_bEditora Nacional,
_c1971.
300 _a295 p. ;
_c25 cm.
600 1 4 _aShakespeare, William,
_d1564-1616
_9105992
700 1 _aJanés, Clara
_966012
700 1 _aGiugariu, Ana.
_957357
852 _aES-MaACL
_jC-37596
999 _c71772
_d71772